Najpopularniejsze marki telefonów - Statystyki

Ogólne statystyki
  • Ten quiz został rozwiązany 2 010 razy
  • Średni wynik to 7 z 13
Statystyki odpowiedzi
Jakie znasz marki telefonu ? Odpowiedź % Poprawnych
2 Samsung
99%
1 Apple
82%
3 Huawei
81%
10 Nokia
79%
8 Xiaomi
78%
9 Motorola
65%
4 LG
59%
11 Sony
49%
5 Lenovo
28%
7 HTC
21%
13 Microsoft
14%
6 BlackBerry
13%
12 Simense
6%
Nie znaleziono quizów pasujących do podanych kryteriów
Rozkład punktacji
Procent ludzi z każdym wynikiem
Percentyl według liczby udzielonych odpowiedzi
Twoja historia wyników
Nie rozwiązałeś tego quizu